000 00474nam a2200181Ia 4500
001 18760
005 20260306171654.0
008 260306s9999||||xx |||||||||||||| ||und||
041 _aESP
082 _a658.5
_bD18A
100 _aD´Alessio Ipinza, Fernando
_eAUT
245 0 _aAdministración de las operaciones productivas:
_bun enfoque en procesos para la gerencia
260 _c2013
300 _a
_c
650 _aGEN
654 _aCAN
942 _cLIB
_dJUS
_fJUS
_2ddc
_n
999 _c18760
_d18760